College Football - Team Logos: MAC - Statistics

General Stats
  • This quiz has been taken 258 times
    190 since last reset
  • The average score is 9 of 12
Answer Stats
Question Answer % Correct
Choose the MAC team:
83%
Choose the MAC team:
83%
Choose the MAC team:
83%
Choose the MAC team:
82%
Choose the MAC team:
80%
Choose the MAC team:
78%
Choose the MAC team:
78%
Choose the MAC team:
77%
Choose the MAC team:
77%
Choose the MAC team:
76%
Choose the MAC team:
74%
Choose the MAC team:
73%
No matching quizzes found
Score Distribution
Percent of People with Each Score
Percentile by Number Answered
Your Score History
You have not taken this quiz since the last reset